000 00784nam a22002297a 4500
005 20170124110055.0
010 _aB-227927
020 _c425.00
_a9788120332430
035 _aB-227927
037 _bCen Lib/Ret
040 _aDPL
_bEN
082 _a658.403811
_bKEL
100 _aKelkar, S.A.
_926274
245 _aInformation technology project management :
_cby S. A. Kelkar
_ba concise study /
250 _a2nd ed.
260 _bPrentice Hall Of India Private Limited
_aNew Delhi
_c2007
270 _aM-97, Connaught Circus
_bNew Delhi
_e110001
300 _axi,784p. :
_c24cm(pbk)
_bill.
650 _aProject management -- Computer network resources
_926275
650 _aInformation technology -- Management
_9104045
942 _2ddc
_cEN
_h658.403811
_mKEL
999 _c129405
_d129405